EPIC: The Musical - Lyrics Sort #36 - The Challenge - Statistics

General Stats
  • This quiz has been taken 107 times
  • The average score is 22 of 35
Answer Stats
Hint Answer % Correct
Line 1 I'm supposed to choose a suitor to wear the crown
96%
Line 2 I said I would choose as soon as I weave this shroud
96%
Line 4 I unthread all the work I've done
92%
Line 3 They don't know that every night
90%
Line 5 Cause I'd rather lie
85%
Line 6 Than allow them to think they've won
85%
Line 10 And though it was so close to our kingdom, it was far from the norm, unless
75%
Line 9 But I don't know how much longer I'll last since I saw that storm
75%
Line 13 Is it finally time for the challenge I arranged?
75%
Line 8 Just know I'll be here [1]
73%
Line 11 Oh, could it be some kind of sign
73%
Line 12 That my world is all about to change?
71%
Line 7 Though I never thought that I'd resort to this
71%
Line 14 Though I never thought that it would come to this
69%
Line 16 Time is fleeting, it's running out [1]
63%
Line 15 Just know I'll be here buying you time
60%
Line 23 And rule with me as his queen
56%
Line 21 And shoot through 12 axes cleanly
56%
Line 26 Cause I'd rather die
56%
Line 24 Let the arrow fly
56%
Line 25 Once you know that your aim is true
56%
Line 27 Than grow old without the best of you
56%
Line 20 Whoever can string my husband's old bow
56%
Line 22 Will be the new king, sit down at the throne
56%
Line 18 Time is fleeting, it's running out [2]
52%
Line 29 I would not have it any other way
50%
Line 31 Just know I'll be here [2]
50%
Line 30 And though I never thought that it would end like this
48%
Line 28 Though I never thought that these would be the lengths we go for love
48%
Line 19 Time to be the man of the house
48%
Line 35 Oh
46%
Line 33 (Penelope) waiting, waiting [1]
44%
Line 34 (Penelope) waiting, waiting [2]
44%
Line 32 Waiting, waiting
42%
Line 17 Time to be the man of the house (oh, buying you time)
38%
No matching quizzes found
Score Distribution
Percent of People with Each Score
Percentile by Number Answered
Your Score History
You have not taken this quiz